01321cam a2200289 a 450000100060000000300080000600500170001400800410003103500190007204000260009104100080011708200180012524501250014326000500026830000270031849000460034550001860039165000480057765000340062565000370065971000200069671100710071683000630078794200120085099900170086295201520087946094BD-RjUL20211209054116.0760301s1949 sz i100 0 eng  a(BD-RjUL)46212 aDLCcLUdBD-RjULbeng aeng a331bLAB 194910aLabour problems in Greece :breport of the Mission of the International Labour Office to Greece (October-November 1947). aGeneva :bInternational Labour Office,c1949. aviii, 381 p. ;c24 cm.1 aStudies and reports. New series ;vno. 12 aAppendices (p. 325-381): 1. Observations of the Greek Government on the report of the International Labour Office mission.--2. Report of the Ninth Pan-Hellenic Trade Union Congress. 0aLabor laws and legislationzGreece.9140921 0aLabor unionszGreece.9140922 0aSocial securityzGreece.91409231 aGreece.91409242 aPanellēnion Ergatikon Synedrionn(9th :d1948 :cAthens)9140925 0aStudies and reports (International Labour Office).9133538 2ddccBK c46094d46094 00102ddc40708NFICaRUCLbRUCLcStackd1974-07-02eEuro Bangladesh news Agencyg48.75l0o331 LAB 1949r2016-07-30 00:00:00tC-2w2016-07-30yBK